[Event "Riga Tech op-A"]
[Site "Riga"]
[Date "2023.08.12"]
[Round "8"]
[White "Galopoulos, Nikolaos"]
[Black "Keinanen, Toivo"]
[Result "1/2-1/2"]
[WhiteElo "2382"]
[BlackElo "2513"]
[PlyCount "90"]
[EventDate "2023.08.07"]
[EventType "swiss"]
[EventRounds "9"]
[EventCountry "LAT"]
[SourceTitle "CBM 215 Extra"]
[Source "ChessBase"]
[SourceDate "2023.09.30"]
[SourceVersion "1"]
[SourceVersionDate "2023.09.30"]
[SourceQuality "1"]

1. d4 e6 2. c4 b6 3. a3 g6 4. Nc3 Bg7 5. e4 Ne7 6. h4 d5 7. exd5 exd5 8. Bg5 h6 9. Bxe7 Qxe7+ 10. Qe2 Qxe2+ 11. Bxe2 Bxd4 12. cxd5 Bb7 13. Bb5+ c6 14. dxc6 Bxc3+ 15. bxc3 Nxc6 16. 0-0-0 Ke7 17. Nf3 Rhd8 18. Rhe1+ Kf6 19. g3 Na5 20. Rxd8 Nb3+ 21. Kc2 Rxd8 22. Kxb3 Bxf3 23. Kc2 g5 24. hxg5+ hxg5 25. Re8 Rd5 26. Bc4 Rc5 27. Bd3 Ra5 28. Kb2 Rd5 29. Kc2 Bd1+ 30. Kd2 Bg4 31. Kc2 Bf5 32. Re3 g4 33. Kd2 Ra5 34. Bxf5 Kxf5 35. c4 Ra4 36. Rc3 Ke4 37. c5 bxc5 38. Rxc5 Rxa3 39. Rc4+ Kf3 40. Rf4+ Kg2 41. Rxg4 Kxf2 42. Rg7 f6 43. g4 Ra6 44. g5 Rd6+ 45. Kc3 fxg5 1/2-1/2

[Event "GRE-chT Online Rapid op 1st"]
[Site "Tornelo INT"]
[Date "2021.02.21"]
[Round "9.1"]
[White "Tsarsitalidis, Konstantinos"]
[Black "Galopoulos, Nikolaos"]
[Result "1/2-1/2"]
[WhiteElo "1962"]
[BlackElo "2360"]
[PlyCount "95"]
[EventDate "2021.02.20"]
[EventType "team-swiss (rapid)"]
[EventRounds "9"]
[EventCountry "GRE"]
[SourceTitle "EXT 2023"]
[Source "ChessBase"]
[SourceDate "2022.10.05"]
[SourceVersion "1"]
[SourceVersionDate "2022.10.05"]
[SourceQuality "1"]

1. e4 c5 2. Nf3 d6 3. d4 cxd4 4. Nxd4 Nf6 5. Nc3 a6 6. g3 b5 7. Bg2 Bb7 8. Nd5 Nbd7 9. a4 bxa4 10. 0-0 e6 11. Nxf6+ Nxf6 12. Re1 Qc7 13. c3 Be7 14. e5 dxe5 15. Qxa4+ Nd7 16. Bxb7 Qxb7 17. Nc6 Nc5 18. Na5+ Qb5 19. Qxb5+ axb5 20. Rxe5 f6 21. Re3 Kf7 22. b4 Na4 23. Bd2 Rhd8 24. Be1 Nb6 25. Re2 Rd3 26. Rc1 Rc8 27. Rec2 Nd5 28. Kf1 e5 29. Ke2 e4 30. Bd2 f5 31. Nb3 Rd8 32. Nd4 Nxb4 33. Rb2 Rxd2+ 34. Rxd2 Bg5 35. cxb4 Bxd2 36. Rc7+ Kg6 37. Rc6+ Kf7 38. Nxf5 Bxb4 39. Rc7+ Kf6 40. Nxg7 Rd2+ 41. Ke3 Rb2 42. Nh5+ Ke5 43. f4+ exf3 44. Kxf3 Rxh2 45. Rb7 Bd6 46. Rxb5+ Ke6 47. Kg4 Rf2 48. Rb7 1/2-1/2

[Event "GRE-chT Online Rapid op 1st"]
[Site "Tornelo INT"]
[Date "2021.02.20"]
[Round "4.6"]
[White "Galopoulos, Nikolaos"]
[Black "Kanakaris, Georgios"]
[Result "1/2-1/2"]
[WhiteElo "2360"]
[BlackElo "2400"]
[PlyCount "71"]
[EventDate "2021.02.20"]
[EventType "team-swiss (rapid)"]
[EventRounds "9"]
[EventCountry "GRE"]
[SourceTitle "EXT 2023"]
[Source "ChessBase"]
[SourceDate "2022.10.05"]
[SourceVersion "1"]
[SourceVersionDate "2022.10.05"]
[SourceQuality "1"]

1. d4 Nf6 2. Nf3 e6 3. g3 b5 4. Bg2 Bb7 5. 0-0 c5 6. c3 d5 7. a4 b4 8. Bg5 Nbd7 9. a5 bxc3 10. Nxc3 Be7 11. Qa4 Rc8 12. Bxf6 Bxf6 13. Nb5 0-0 14. Nxa7 Ra8 15. Nc6 Qc7 16. Nce5 Nxe5 17. dxe5 Bxe5 18. Nxe5 Qxe5 19. Qb5 Ba6 20. Qxc5 Bxe2 21. Rfb1 Bd3 22. Rd1 Qxb2 23. Bf1 Bxf1 24. Kxf1 Rfc8 25. Qa3 Qxa3 26. Rxa3 Ra6 27. Rb1 Rca8 28. Rb5 Kf8 29. Ke2 R8a7 30. Kd3 Ke7 31. Kc3 Rc7+ 32. Kb4 Rc4+ 33. Kb3 Rc7 34. Kb4 Rc4+ 35. Kb3 Rc7 36. Kb4 1/2-1/2

[Event "EU-ch qual Online"]
[Site "Tornelo INT"]
[Date "2020.12.18"]
[Round "8"]
[White "Galopoulos, Nikolaos"]
[Black "Kantans, Toms"]
[Result "1-0"]
[WhiteElo "2360"]
[BlackElo "2501"]
[PlyCount "115"]
[EventDate "2020.12.18"]
[EventType "swiss"]
[EventRounds "11"]
[EventCountry "POL"]
[SourceTitle "CBM 199 Extra"]
[Source "ChessBase"]
[SourceDate "2021.01.31"]
[SourceVersion "1"]
[SourceVersionDate "2021.01.31"]
[SourceQuality "1"]

1. d4 Nf6 2. c4 e6 3. Nc3 Bb4 4. Qc2 0-0 5. a3 Bxc3+ 6. Qxc3 Ne4 7. Qc2 f5 8. Nh3 d6 9. f3 Nf6 10. Nf2 Nc6 11. e3 e5 12. dxe5 dxe5 13. Be2 Qe7 14. Bd2 Be6 15. 0-0 Rad8 16. Rfd1 a5 17. Rab1 Rd7 18. b4 axb4 19. axb4 Rfd8 20. b5 Nb8 21. Bb4 Qf7 22. Nd3 e4 23. Ne5 Rxd1+ 24. Rxd1 Qe8 25. f4 Rxd1+ 26. Qxd1 Nbd7 27. Qd4 Nxe5 28. Qxe5 Qd7 29. h3 Kf7 30. Qc5 Kg6 31. Bc3 c6 32. Bd4 cxb5 33. cxb5 Nd5 34. b6 Qc8 35. Qd6 Qd7 36. Qe5 h5 37. Bb5 Qe7 38. Kh2 h4 39. Bc4 Qd7 40. Bb5 Qe7 41. Ba4 Kh6 42. Bb3 Qd7 43. Bc5 Qf7 44. Qd6 Kh7 45. Qd8 Nxf4 46. Qxh4+ Kg8 47. Qd8+ Kh7 48. Ba4 Ng6 49. Be8 Qg8 50. Bxg6+ Kxg6 51. Qd6 Qc8 52. Bd4 Qd7 53. Qe5 Kh7 54. Kg3 Bc4 55. Kf4 Bf1 56. g4 fxg4 57. hxg4 Bg2 58. Qc7 1-0

[Event "EU-ch qual Online"]
[Site "Tornelo INT"]
[Date "2020.12.18"]
[Round "7"]
[White "Hjartarson, Johann"]
[Black "Galopoulos, Nikolaos"]
[Result "1-0"]
[WhiteElo "2525"]
[BlackElo "2360"]
[PlyCount "79"]
[EventDate "2020.12.18"]
[EventType "swiss"]
[EventRounds "11"]
[EventCountry "POL"]
[SourceTitle "CBM 199 Extra"]
[Source "ChessBase"]
[SourceDate "2021.01.31"]
[SourceVersion "1"]
[SourceVersionDate "2021.01.31"]
[SourceQuality "1"]

1. c4 c5 2. g3 Nc6 3. Bg2 g6 4. Nc3 Bg7 5. a3 e6 6. Rb1 Nge7 7. b4 d6 8. Nf3 0-0 9. 0-0 Qd7 10. e3 b6 11. Qe2 Bb7 12. Rd1 cxb4 13. axb4 d5 14. c5 d4 15. Ne4 Nxb4 16. Nxd4 Ba6 17. d3 Nbd5 18. Qa2 Bb7 19. Bb2 e5 20. Nf3 Nc6 21. Nd6 Ndb4 22. Qb3 bxc5 23. Nxb7 Qxb7 24. Nxe5 Bxe5 25. Bxe5 Rad8 26. Ba1 Qe7 27. Qc3 f6 28. Rbc1 Kg7 29. Qxc5 Qxc5 30. Rxc5 Rd6 31. d4 Ne7 32. Rc7 Rf7 33. Rxa7 Nbc6 34. Ra6 Rf8 35. Rc1 Rc8 36. Bb2 Nxd4 37. Rxd6 Ne2+ 38. Kf1 Nxc1 39. Rd7 Kf7 40. Ba3 1-0

[Event "EU-ch Online 2300+ Final"]
[Site "Chess.com INT"]
[Date "2020.05.30"]
[Round "1"]
[White "Galopoulos, Nikolaos"]
[Black "Dudin, Gleb"]
[Result "0-1"]
[WhiteElo "2369"]
[BlackElo "2387"]
[PlyCount "78"]
[EventDate "2020.05.30"]
[EventType "swiss"]
[EventRounds "8"]
[EventCountry "NET"]
[SourceTitle "CBM 196 Extra"]
[Source "ChessBase"]
[SourceDate "2020.07.31"]
[SourceVersion "1"]
[SourceVersionDate "2020.07.31"]
[SourceQuality "1"]

1. d4 d5 2. c4 c6 3. cxd5 cxd5 4. Nc3 Nf6 5. Bf4 Nc6 6. e3 Bf5 7. Rc1 Rc8 8. f3 h5 9. Qb3 Na5 10. Bb5+ Bd7 11. Qa4 a6 12. Bxd7+ Nxd7 13. b4 Nc6 14. Nxd5 e6 15. Nc3 Nxb4 16. Qd1 Qa5 17. Qd2 Nd5 18. Nge2 Bb4 19. 0-0 Nxc3 20. Kh1 0-0 21. Nxc3 Bxc3 22. Qf2 Bb4 23. Qg3 Be7 24. e4 Rfe8 25. h4 Bf6 26. e5 Be7 27. Bh6 g6 28. Rcd1 Qd5 29. f4 Rc4 30. f5 exf5 31. Rxf5 Nf8 32. Be3 Rc3 33. Rf3 Qe4 34. Bf4 Rxf3 35. gxf3 Qd5 36. Be3 Ne6 37. Kh2 Rc8 38. Rd2 Rc3 39. Re2 Nxd4 0-1

[Event "EU-ch Online 2300+ Qual"]
[Site "Chess.com INT"]
[Date "2020.05.29"]
[Round "8"]
[White "Bulmaga, Irina"]
[Black "Galopoulos, Nikolaos"]
[Result "1-0"]
[WhiteElo "2440"]
[BlackElo "2369"]
[PlyCount "71"]
[EventDate "2020.05.29"]
[EventType "swiss"]
[EventRounds "8"]
[EventCountry "NET"]
[SourceTitle "CBM 196 Extra"]
[Source "ChessBase"]
[SourceDate "2020.07.31"]
[SourceVersion "1"]
[SourceVersionDate "2020.07.31"]
[SourceQuality "1"]

1. e4 c5 2. Nf3 d6 3. d4 cxd4 4. Nxd4 Nf6 5. Nc3 a6 6. h3 e6 7. Be3 b5 8. a3 Bb7 9. f3 Nbd7 10. g4 Nb6 11. Qd2 Nfd7 12. 0-0-0 Be7 13. f4 Rc8 14. Kb1 Nc5 15. Bd3 Nc4 16. Qe1 Nxe3 17. Qxe3 Qb6 18. g5 b4 19. axb4 Qxb4 20. f5 e5 21. Nb3 Nxb3 22. cxb3 Qxb3 23. Bc2 Qb4 24. f6 gxf6 25. gxf6 Bxf6 26. Rhf1 Bd8 27. Ba4+ Bc6 28. Qf3 Rf8 29. Qf5 Bxa4 30. Qxc8 Bd7 31. Qxa6 Bxh3 32. Rf3 Bg4 33. Rfd3 Qb6 34. Qa4+ Bd7 35. Qa3 f5 36. Rxd6 1-0

[Event "EU-ch Online 2300+ Qual"]
[Site "Chess.com INT"]
[Date "2020.05.29"]
[Round "5"]
[White "Galopoulos, Nikolaos"]
[Black "Arnaudov, Petar G"]
[Result "1/2-1/2"]
[WhiteElo "2369"]
[BlackElo "2471"]
[PlyCount "68"]
[EventDate "2020.05.29"]
[EventType "swiss"]
[EventRounds "8"]
[EventCountry "NET"]
[SourceTitle "CBM 196 Extra"]
[Source "ChessBase"]
[SourceDate "2020.07.31"]
[SourceVersion "1"]
[SourceVersionDate "2020.07.31"]
[SourceQuality "1"]

1. d4 Nf6 2. c4 Nc6 3. Nf3 e6 4. g3 Bb4+ 5. Nbd2 d5 6. Bg2 dxc4 7. 0-0 Bxd2 8. Bxd2 Nxd4 9. Nxd4 Qxd4 10. Qc2 0-0 11. Bb4 c5 12. Rfd1 Qe5 13. Bc3 Qf5 14. e4 Qg6 15. Be5 b6 16. Qxc4 Bb7 17. Bxf6 gxf6 18. Rd7 Bc6 19. Rd6 Rac8 20. Rad1 b5 21. Qxc5 Bxe4 22. Qxb5 Bxg2 23. Kxg2 Qe4+ 24. Kg1 Rb8 25. Qc5 Rxb2 26. Qxa7 Ra8 27. Qe7 Qf5 28. Rf1 Rbxa2 29. Rd7 Qg6 30. Rfd1 Kg7 31. Qxe6 Ra1 32. Rxa1 Rxa1+ 33. Kg2 Ra4 34. Qd5 Qe4+ 1/2-1/2

[Event "EU-ch Online 2300+ Qual"]
[Site "Chess.com INT"]
[Date "2020.05.29"]
[Round "7"]
[White "Galopoulos, Nikolaos"]
[Black "Bjerre, Jonas Buhl"]
[Result "0-1"]
[WhiteElo "2369"]
[BlackElo "2549"]
[PlyCount "72"]
[EventDate "2020.05.29"]
[EventType "swiss"]
[EventRounds "8"]
[EventCountry "NET"]
[SourceTitle "CBM 196 Extra"]
[Source "ChessBase"]
[SourceDate "2020.07.31"]
[SourceVersion "1"]
[SourceVersionDate "2020.07.31"]
[SourceQuality "1"]

1. d4 Nf6 2. c4 e6 3. g3 d5 4. Bg2 dxc4 5. Nf3 Bb4+ 6. Nc3 0-0 7. 0-0 Nc6 8. Bg5 h6 9. Bxf6 Qxf6 10. e3 Rb8 11. Nd2 Na5 12. Qa4 Qe7 13. a3 Bxc3 14. bxc3 b6 15. Qb4 c5 16. dxc5 Qxc5 17. Rab1 Qc7 18. Rfd1 Rd8 19. Nf3 Bb7 20. Nd4 Bxg2 21. Kxg2 Qb7+ 22. Kg1 Qe4 23. Qe7 Qb7 24. Qh4 Rd7 25. Nb5 a6 26. Nd6 Qc6 27. Ne4 f5 28. Nf6+ gxf6 29. Qxf6 Kh7 30. Rd4 Rbd8 31. Rbd1 Nb3 32. Re1 Nxd4 33. exd4 Re8 34. h4 Qd6 35. h5 Rg7 36. d5 Qxd5 0-1

[Event "EU-ch Online 2300+ Qual"]
[Site "Chess.com INT"]
[Date "2020.05.29"]
[Round "2"]
[White "Galopoulos, Nikolaos"]
[Black "Kosteniuk, Alexandra"]
[Result "1-0"]
[WhiteElo "2369"]
[BlackElo "2471"]
[PlyCount "53"]
[EventDate "2020.05.29"]
[EventType "swiss"]
[EventRounds "8"]
[EventCountry "NET"]
[SourceTitle "CBM 196 Extra"]
[Source "ChessBase"]
[SourceDate "2020.07.31"]
[SourceVersion "1"]
[SourceVersionDate "2020.07.31"]
[SourceQuality "1"]

1. d4 Nf6 2. c4 e6 3. g3 d5 4. Bg2 dxc4 5. Nf3 a6 6. Ne5 c5 7. Be3 cxd4 8. Qxd4 Qxd4 9. Bxd4 Nbd7 10. Nxc4 Rb8 11. Nc3 Bc5 12. Bxc5 Nxc5 13. b4 Ncd7 14. 0-0 Ke7 15. Rac1 b6 16. b5 axb5 17. Nxb5 Bb7 18. Na7 Nd5 19. e4 Nb4 20. a3 Nd3 21. Rc3 N3c5 22. Nxb6 Nxe4 23. Rc7 Rhd8 24. Rd1 Nd6 25. Bxb7 Rxb7 26. Nc6+ Ke8 27. Rxb7 1-0

[Event "EU-ch blitz"]
[Site "Tallinn"]
[Date "2019.12.07"]
[Round "18"]
[White "Galopoulos, Nikolaos"]
[Black "Motylev, Alexander"]
[Result "1/2-1/2"]
[WhiteElo "2429"]
[BlackElo "2629"]
[PlyCount "36"]
[EventDate "2019.12.07"]
[EventType "swiss (blitz)"]
[EventRounds "22"]
[EventCountry "EST"]
[SourceTitle "CBM 193 Extra"]
[Source "ChessBase"]
[SourceDate "2020.01.31"]
[SourceVersion "1"]
[SourceVersionDate "2020.01.31"]
[SourceQuality "1"]

1. d4 d5 2. c4 e6 3. Nc3 a6 4. Nf3 dxc4 5. a4 Nc6 6. e3 Na5 7. Ne5 c5 8. Nxc4 cxd4 9. exd4 Nf6 10. Bg5 Be7 11. Ne5 0-0 12. Be2 Bd7 13. 0-0 Rc8 14. Bf3 Bc6 15. Nxc6 Nxc6 16. Bxf6 Bxf6 17. d5 exd5 18. Nxd5 Be5 1/2-1/2

[Event "EU-ch blitz"]
[Site "Tallinn"]
[Date "2019.12.07"]
[Round "11"]
[White "Sargissian, Gabriel"]
[Black "Galopoulos, Nikolaos"]
[Result "1-0"]
[WhiteElo "2676"]
[BlackElo "2429"]
[PlyCount "61"]
[EventDate "2019.12.07"]
[EventType "swiss (blitz)"]
[EventRounds "22"]
[EventCountry "EST"]
[SourceTitle "CBM 193 Extra"]
[Source "ChessBase"]
[SourceDate "2020.01.31"]
[SourceVersion "1"]
[SourceVersionDate "2020.01.31"]
[SourceQuality "1"]

1. d4 Nf6 2. c4 e6 3. Nf3 d5 4. g3 dxc4 5. Bg2 Bd7 6. 0-0 Bc6 7. Qc2 b5 8. Nbd2 Be7 9. b3 cxb3 10. axb3 0-0 11. Bb2 Bb7 12. Rfc1 Nc6 13. Ng5 Nb4 14. Qxc7 Bxg2 15. Qxd8 Rfxd8 16. Kxg2 e5 17. Ngf3 exd4 18. Nxd4 a6 19. N2f3 Ne4 20. Ba3 Re8 21. Ne5 Bf6 22. Bxb4 Bxe5 23. e3 g6 24. Rc6 Bxd4 25. exd4 Rad8 26. Rd1 Re6 27. Rxe6 fxe6 28. Kf3 Nf6 29. Be7 Rf8 30. Bxf8 Kxf8 31. Ra1 1-0

[Event "EU-ch rapid"]
[Site "Tallinn"]
[Date "2019.12.06"]
[Round "8"]
[White "Vorobjov, Pavel"]
[Black "Galopoulos, Nikolaos"]
[Result "1/2-1/2"]
[WhiteElo "2304"]
[BlackElo "2439"]
[PlyCount "116"]
[EventDate "2019.12.05"]
[EventType "swiss"]
[EventRounds "13"]
[EventCountry "EST"]
[SourceTitle "CBM 193 Extra"]
[Source "ChessBase"]
[SourceDate "2020.01.31"]
[SourceVersion "1"]
[SourceVersionDate "2020.01.31"]
[SourceQuality "1"]

1. d4 Nf6 2. c4 g6 3. Nc3 d5 4. cxd5 Nxd5 5. Qa4+ Nc6 6. Nf3 Bg7 7. e3 Nb6 8. Qb5 0-0 9. Be2 e5 10. d5 Ne7 11. e4 f5 12. Bg5 h6 13. Bxe7 Qxe7 14. 0-0 Bd7 15. Qa5 g5 16. Rfd1 g4 17. Nd2 f4 18. d6 cxd6 19. Nd5 Nxd5 20. Bc4 Kh8 21. Qxd5 Bc6 22. Qe6 Qg5 23. f3 Rf6 24. Qxg4 Qxg4 25. fxg4 Rg6 26. h3 Bf6 27. Rac1 Bd8 28. Bd5 Bb6+ 29. Kh2 Rc8 30. Nf3 Bf2 31. Rc3 Bd7 32. Bxb7 Rxc3 33. bxc3 Bb5 34. Rd2 Bg3+ 35. Kg1 Rg7 36. Bd5 Rc7 37. c4 Bc6 38. Bxc6 Rxc6 39. Rc2 Ra6 40. Kf1 Ra3 41. Ke2 Re3+ 42. Kd2 Rxe4 43. Rc3 Bf2 44. h4 Bc5 45. a3 Bb6 46. Kd1 Kg7 47. h5 Kf6 48. Rd3 Bd4 49. Nd2 Re3 50. Rxe3 Bxe3 51. Ne4+ Ke6 52. Ke2 Bb6 53. Kd3 Bd8 54. Nc3 Kf6 55. Ne4+ Ke6 56. Nc3 Kf6 57. Ne4+ Ke6 58. Nc3 Kf6 1/2-1/2

[Event "GRE-chT 47th"]
[Site "Patras"]
[Date "2019.07.04"]
[Round "4.4"]
[White "Galopoulos, Nikolaos"]
[Black "Theodorou, Nikolas"]
[Result "1/2-1/2"]
[WhiteElo "2361"]
[BlackElo "2543"]
[PlyCount "120"]
[EventDate "2019.07.02"]
[EventType "team-swiss"]
[EventRounds "7"]
[EventCountry "GRE"]
[SourceTitle "CBM 191 Extra"]
[Source "ChessBase"]
[SourceDate "2019.09.30"]
[SourceVersion "1"]
[SourceVersionDate "2019.09.30"]
[SourceQuality "1"]
[WhiteTeam "Neapolis Sykeon"]
[BlackTeam "Chania SA"]
[WhiteTeamCountry "GRE"]
[BlackTeamCountry "GRE"]

1. d4 Nf6 2. Nf3 g6 3. g3 Bg7 4. Bg2 0-0 5. 0-0 d6 6. b3 b5 7. Nfd2 c6 8. c4 a6 9. Bb2 Bb7 10. Nc3 Qb6 11. Qc2 Nbd7 12. Rfd1 Rfe8 13. a4 b4 14. Nce4 c5 15. Nxf6+ Nxf6 16. Bxb7 Qxb7 17. d5 e5 18. e4 Qd7 19. Nf1 Ng4 20. f3 Nh6 21. Bc1 f5 22. Bxh6 Bxh6 23. Qe2 Rf8 24. Nd2 Rf7 25. Rf1 Raf8 26. Kg2 Rf6 27. Rae1 Qg7 28. Nb1 Qf7 29. Rd1 Re8 30. Rde1 Rf8 31. Rd1 Kh8 32. Rde1 Qg7 33. Nd2 R6f7 34. Nb1 Bg5 35. Nd2 h5 36. Rd1 Bh6 37. Rde1 Kg8 38. Qd3 Bxd2 39. Qxd2 f4 40. h3 fxg3 41. Qg5 Rf4 42. Kxg3 Kh7 43. Rf2 Qh6 44. h4 Qg7 45. Rg1 Qf7 46. Rgf1 Qf6 47. Kh3 Kg7 48. Kg3 Rf7 49. Kh3 Qe7 50. Kg3 R7f6 51. Kh3 Kh7 52. Kg3 Qf7 53. Kg2 Qf8 54. Kg3 Rf7 55. Kg2 Qe7 56. Kg3 Kg7 57. Kh3 Qf6 58. Kg3 Rf8 59. Kh3 Rh8 60. Kg3 Rf8 1/2-1/2

[Event "EU-ch rapid"]
[Site "Skopje"]
[Date "2018.12.09"]
[Round "8"]
[White "Galopoulos, Nikolaos"]
[Black "Navara, David"]
[Result "1-0"]
[WhiteElo "2356"]
[BlackElo "2736"]
[PlyCount "85"]
[EventDate "2018.12.08"]
[EventType "swiss (rapid)"]
[EventRounds "13"]
[EventCountry "MKD"]
[SourceTitle "CBM 187 Extra"]
[Source "ChessBase"]
[SourceDate "2018.11.04"]
[SourceVersion "1"]
[SourceVersionDate "2018.11.04"]
[SourceQuality "1"]

1. Nf3 c5 2. e3 Nf6 3. d4 d5 4. c4 cxd4 5. exd4 g6 6. Nc3 Bg7 7. h3 0-0 8. Be2 dxc4 9. Bxc4 a6 10. a4 Nc6 11. 0-0 b6 12. d5 Nb4 13. Qb3 a5 14. Be3 Bb7 15. Rfd1 Rc8 16. Rac1 Nd7 17. Ne4 h6 18. Bd2 Rxc4 19. Rxc4 Nxd5 20. Bxa5 Qa8 21. Be1 b5 22. Rcc1 bxa4 23. Qa3 Nf4 24. Qe3 Nxh3+ 25. gxh3 Bxe4 26. Rxd7 Bxf3 27. Bc3 Bh1 28. Kf1 Qa6+ 29. Qd3 Qc6 30. Rxe7 Bf6 31. Re3 Rd8 32. Qc2 Bg5 33. Rd1 Bd5 34. Rg3 Kh7 35. Kg1 Bf4 36. Rg4 Bb8 37. Qxa4 Qc7 38. Rg3 Qb7 39. Qd4 f5 40. Rxg6 Kxg6 41. Qf6+ Kh7 42. Qxd8 Be6 43. Qh8+ 1-0

[Event "EU-ch rapid"]
[Site "Skopje"]
[Date "2018.12.09"]
[Round "11"]
[White "Pancevski, Filip"]
[Black "Galopoulos, Nikolaos"]
[Result "0-1"]
[WhiteElo "2495"]
[BlackElo "2356"]
[PlyCount "64"]
[EventDate "2018.12.08"]
[EventType "swiss (rapid)"]
[EventRounds "13"]
[EventCountry "MKD"]
[SourceTitle "CBM 187 Extra"]
[Source "ChessBase"]
[SourceDate "2018.11.04"]
[SourceVersion "1"]
[SourceVersionDate "2018.11.04"]
[SourceQuality "1"]

1. c4 Nf6 2. g3 e6 3. Bg2 d5 4. Nf3 Be7 5. 0-0 0-0 6. b3 d4 7. e3 c5 8. exd4 cxd4 9. d3 Nc6 10. Re1 Nd7 11. Ba3 Bxa3 12. Nxa3 Nc5 13. Nc2 a5 14. Rb1 Qd6 15. a3 e5 16. b4 axb4 17. axb4 Na4 18. Qd2 Nc3 19. Ra1 Rxa1 20. Rxa1 f6 21. b5 Nb8 22. Ne3 Nd7 23. Nf5 Qb4 24. Re1 Nb6 25. N3h4 g6 26. Nh6+ Kg7 27. g4 Nba4 28. Bxb7 Bxb7 29. N6f5+ gxf5 30. Nxf5+ Kh8 31. Qh6 Rf7 32. g5 Ne4 0-1